Guerre des Gaules

Guardat en:
Dades bibliogràfiques
Autor principal: Julio César (Autor)
Format: Llibre
Idioma:francès
llatí
Publicat: París Les Belles Lettres 1926
Col·lecció:Collection des Universités de France
Matèries:
Etiquetes: Afegir etiqueta
Sense etiquetes, Sigues el primer a etiquetar aquest registre!

MARC

LEADER 00000nam a2200000 a 4500
001 UCO5788
003 CL-VaPUC
008 000915e19260000FR |||||||||||||||||fre|d
041 0 7 |a fre  |2 CL-VaPUC 
041 0 7 |a lat  |2 CL-VaPUC 
082 0 4 |a 937  |b CES  |2 21 
100 |a Julio César  |e author  |9 554667 
245 1 0 |a Guerre des Gaules 
300 |a v 
942 |c BK 
945 |d 20000915 00:00:00  |a crobeson 
260 |a París  |b Les Belles Lettres  |c 1926 
500 |a v.1: Livres I-IV 
500 |a v.2: Livres V-VIII 
650 0 |a Historia romana  |9 322973 
650 0 |a República romana  |9 433651 
650 0 |a Imperio Romano  |9 322785 
650 7 |a CAMPAÑAS MILITARES  |2 CL-VaPUC  |9 437721 
650 7 |a ESCRITOS MILITARES  |2 CL-VaPUC  |9 255148 
651 7 |a GALIA  |2 CL-VaPUC  |9 318537 
651 0 |a Roma   |9 255106 
583 |a last modification  |c 20000915 00:00:00  |k Rodrigo Vera 
490 0 |a Collection des Universités de France 
999 |c 291618  |d 291616 
952 |0 0  |1 0  |4 0  |6 937_000000000000000_CES_1926  |7 0  |8 P  |9 341604  |a BIBART  |b BIBART  |d 2019-11-20  |h v.1  |i 1222716  |o 937 CES 1926  |p 1222716  |r 2025-03-13  |w 2019-11-20  |y BK  |k ART 
952 |0 0  |1 0  |4 0  |6 937_000000000000000_CES_1926  |7 0  |8 P  |9 341605  |a BIBART  |b BIBART  |d 2019-11-20  |h v.2  |i 1222724  |o 937 CES 1926  |p 1222724  |r 2025-03-13  |w 2019-11-20  |y BK  |k ART